| 000 | 00548nam a2200181Ia 4500 | ||
|---|---|---|---|
| 008 | 240729s9999 xx 000 0 und d | ||
| 022 | _a2187-5537 | ||
| 245 | 0 | _aKONA Powder and Particle Journal | |
| 260 | _aJapan | ||
| 260 | _bHosokawa Powder Technology Foundation | ||
| 650 | _a Nuclear and particle physics. Atomic energy. Radioactivity | ||
| 650 | _a Physics | ||
| 650 | _a Technology (General) | Science | ||
| 650 | _aTechnology | ||
| 856 | _uhttps://doaj.org/toc/50b18f225d4e4486a6eb2507e753c38a | ||
| 942 | _2ddc | ||
| 942 | _cDOAJEJ | ||
| 999 |
_c66556 _d66556 |
||
| 945 |
_a1 _bMadushi Gamage _c1 _dMadushi Gamage |
||